Normal view
MARC view
- ALLEN, M. B , HERRERA, I , PINDER, G. F
Entry Personal Name
001 - CONTROL NUMBER
- control field: 65153
003 - CONTROL NUMBER IDENTIFIER
- control field: NUST
005 - DATE AND TIME OF LATEST TRANSACTION
- control field: 20210628203406.0
008 - FIXED-LENGTH DATA ELEMENTS
- fixed length control field: 210628|| aca||aabn | a|a d
040 ## - CATALOGING SOURCE
- Original cataloging agency: NUST
- Transcribing agency: NUST
100 ## - HEADING--PERSONAL NAME
- Personal name: ALLEN, M. B , HERRERA, I , PINDER, G. F
670 ## - SOURCE DATA FOUND
- Source citation: Work cat.: (NUST): ALLEN, M. B , HERRERA, I , PINDER, G. F, NUMERICAL MODELING IN SCIENCE AND ENGINEERING, 1988
